Statistiques concernant La Guerre des Clans - Chats les plus cités des 4 premiers cycles

Cliquez ici pour prendre le quiz!

Statistiques générales

  • Ce quiz a été pris 63 fois
  • Le résultat moyen est 66 sur 200

Statistiques - réponses

ClassementRéponseNombre d'occurrences% Correct
1erÉtoile de Feu7611
100%
10èmeÉtoile du Tigre1740
92%
9èmePlume Grise1927
87%
12èmeÉtoile Bleue1353
85%
4èmeGriffe de Ronce3769
85%
13èmeTempête de Sable1334
85%
2èmeŒil de Geai4545
82%
7èmePoil d'Écureuil2311
82%
5èmeFeuille de Lune3254
79%
3èmePelage de Lion4064
74%
17èmePlume de Jais938
74%
96èmeFléau112
72%
47èmeÉtoile Filante387
69%
6èmeFeuille de Houx2519
69%
15èmeFlocon de Neige1082
69%
14èmeMuseau Cendré1281
69%
26èmePelage d'Or657
69%
31èmeÉtoile Solitaire592
67%
46èmeNuage de Jais388
67%
40èmePetite Feuille424
67%
33èmeÉtoile de Brume537
64%
36èmeÉtoile du Léopard498
64%
35èmeJolie Plume500
64%
21èmePoil de Fougère791
64%
8èmeAile de Colombe2125
62%
24èmeCœur Blanc663
62%
29èmeCroc Jaune630
62%
55èmeÉtoile Brisée331
62%
19èmePelage de Poussière838
62%
91èmeCœur de Lion122
59%
18èmePelage de Granit850
59%
16èmePelage d'Orage1061
59%
37èmeCœur de Tigre450
56%
106èmeÉtoile Balafrée94
56%
24èmeÉtoile de Jais663
56%
11èmeFeuille de Lis1448
56%
22èmePlume de Faucon725
56%
45èmeTornade Blanche389
56%
44èmeFleur de Bruyère396
54%
49èmeMillie371
54%
101èmePlume Rousse105
54%
110èmeCœur de Chêne91
51%
151èmeDemi-Queue41
51%
30èmePoil de Châtaigne620
51%
28èmePoil de Souris631
51%
43èmeChipie407
49%
41èmeÉclair Noir415
49%
106èmeÉtoile Noire94
49%
105èmeGerboise100
49%
39èmeLongue Plume439
49%
23èmePapillon683
49%
69èmeRivière d'Argent197
49%
159èmeUn-Œil36
49%
53èmeAile Blanche342
46%
34èmeBois de Frêne522
46%
94èmeBouton d'Or117
46%
151èmeBelle-de-Nuit41
44%
66èmeŒil de Myosotis250
44%
50èmePetit Orage369
44%
48èmeSource aux Petits Poissons381
44%
38èmeTruffe de Sureau443
44%
132èmeBelle-de-Jour57
41%
116èmeNuage Agile87
41%
79èmePelage de Silex160
41%
95èmePlume Blanche114
41%
147èmePlume Cendrée44
41%
106èmePrincesse94
41%
103èmeVif-Argent103
41%
32èmeCœur d'Épines576
38%
61èmeConteur des Pointes Rocheuses287
38%
117èmeFicelle79
38%
67èmeGriffe de Pierre226
38%
52èmePatte de Renard346
38%
72èmeFeuille Rousse180
36%
51èmePatte d'Araignée351
36%
42èmePelage de Brume410
36%
100èmePerce-Neige106
36%
143èmePomme de Pin48
36%
75èmeAile Rousse166
33%
54èmeBelle Églantine338
33%
20èmeCœur Cendré804
33%
98èmeFleur de Saule110
33%
64èmeMinuit273
33%
132èmeOmbre d'Érable57
33%
63èmePatte de Mulot274
33%
103èmePatte de Pierre103
33%
112èmePelage Fauve90
33%
59èmePlume de Noisette293
33%
27èmeSol643
33%
151èmeNuage de Musaraigne41
31%
93èmePelage de Givre120
31%
70èmePelage de Miel184
31%
57èmePluie de Pétales304
31%
130èmeRhume des Foins60
31%
74èmeÉcorce de Chêne175
28%
101èmeFeuille Morte105
28%
136èmeGriffe Noire53
28%
58èmeIsidore301
28%
132èmePatte Folle57
28%
60èmePavot Gelé288
28%
88èmePerle de Pluie130
28%
120èmePlume de Crécerelle73
28%
68èmePoil de Bourdon218
28%
141èmeBois de Chêne49
26%
62èmeBrume de Givre275
26%
65èmeFeuille de Saule259
26%
135èmeLac de Givre56
26%
123èmePelage de Suie71
26%
131èmePetite Oreille58
26%
56èmePlume de Flamme310
26%
147èmeSacha44
26%
86èmeAube Claire134
23%
126èmeDos Balafré68
23%
89èmeÉtoile de Feuille129
23%
119èmeGriffe d'Épines76
23%
198èmeMuseau Balafré19
23%
86èmeNuage de Cerise134
23%
90èmeNuage de Loir127
23%
182èmePacha28
23%
110èmePatte Cendrée91
23%
77èmePétale de Rose164
23%
138èmeCœur de Roseau50
21%
82èmeDemi-Lune151
21%
171èmeÉtoile Grise31
21%
113èmeLong Croc89
21%
80èmeŒil de Crapaud158
21%
96èmeOreille balafrée112
21%
179èmePatte de Givre29
21%
113èmePelage d'Écume89
21%
84èmePic où nichent les Aigles146
21%
76èmePierre165
21%
163èmePoitrail Blanc35
21%
81èmeAile de Cerise155
18%
147èmeAile de Geai44
18%
98èmeBouton de Rose110
18%
72èmePatte de Crapaud180
18%
124èmePlume Noire69
18%
151èmeSaule Rouge41
18%
120èmeTimide73
18%
165èmeCorbeau Givré32
15%
159èmeÉcaille d'Anguille36
15%
136èmeFleur de Pavot53
15%
78èmeGriffe Féroce163
15%
106èmeJessie94
15%
124èmePelage de Fourmi69
15%
179èmePelage de Mousse29
15%
150èmePlume de Colombe43
15%
165èmePlume de Lierre32
15%
174èmePoil de Lièvre30
15%
71èmeSerre de l'Aigle Tournoyant182
15%
145èmeBranche Creuse46
13%
184èmeCiel Gris avant l'Aurore27
13%
118èmeÉcho d'Argent77
13%
85èmeFleur d'Ajoncs137
13%
145èmeGravier qui dévale la Montagne46
13%
156èmeNimbes Gris39
13%
129èmePatte Frêle62
13%
144èmePelage de Fumée47
13%
165èmePiqué du Faucon Châtain32
13%
156èmePluie d'Orage39
13%
171èmePlume de Chouette31
13%
151èmePlume de Hibou41
13%
165èmeQueue de Rat32
13%
141èmeSaut du Poisson dans l'Eau49
13%
113èmeChant des Pierres89
10%
159èmeCœur de Cèdre36
10%
126èmeDjinn68
10%
174èmeFaon Timide30
10%
165èmeFleur de l'Aube32
10%
174èmeFougère Enroulée30
10%
164èmeLune Ascendante34
10%
92èmeŒil du Ciel121
10%
165èmePoil de Belette32
10%
186èmePuzzle26
10%
156èmeSaut de Carpe39
10%
193èmeAile d'Étourneau23
8%
189èmeAvalanche25
8%
120èmeCœur de Girofle73
8%
189èmeCri de la Chouette Courroucée25
8%
174èmeGriffe de Chouette30
8%
138èmeNuit sans Étoiles50
8%
184èmeOiseau de Neige27
8%
186èmeOmbre Brisée26
8%
192èmePatte de Neige24
8%
128èmePelage de Pluie65
8%
171èmePelage Pommelé31
8%
174èmeTruffe de Pin30
8%
182èmeCopeau28
5%
179èmeÉclair Crochu29
5%
159èmeMésange portée par le Vent36
5%
138èmeMuseau de pétale50
5%
83èmePlume de Merle147
5%
196èmeSéville20
5%
195èmeCourtaud21
3%
196èmeHussard20
3%
193èmePatte de Scarabée23
3%
186èmePelage Charbonneux26
3%
189èmeAile d'Hirondelle25
0%
198èmeCœur de Pissenlit19
0%
198èmeOscar19
0%

Distribution des résultats

Percentile par nombre de réponses

% des personnes avec chaque résultat

Votre développement - résultats

Vous n’avez pas pris ce quiz